Historia de Roma / (Record no. 159938)

MARC details
000 -LEADER
campo de control de longitud fija 01537nam a2200277 i 4500
001 - NÚMERO DE CONTROL
campo de control 159938
003 - IDENTIFICADOR DE NÚMERO DE CONTROL
campo de control ES-MaACL
005 - FECHA Y HORA DE LA ÚLTIMA TRANSACCIÓN
campo de control 20250921063035.0
008 - DATOS DE LONGITUD FIJA--INFORMACIÓN GENERAL
campo de control de longitud fija 940301m18761877sp |||| | spa d
080 ## - NÚMERO DE LA CLASIFICACIÓN DECIMAL UNIVERSAL
Número de la Clasificación Decimal Universal 94(37)".../-0510"
080 ## - NÚMERO DE LA CLASIFICACIÓN DECIMAL UNIVERSAL
Número de la Clasificación Decimal Universal 94(37)"-0510/-0030"
100 1# - ENTRADA PRINCIPAL--NOMBRE DE PERSONA
Nombre de persona Mommsen, Theodor,
Fechas asociadas al nombre 1817-1903
9 (RLIN) 82081
245 10 - MENCIÓN DEL TÍTULO
Título Historia de Roma /
Mención de responsabilidad, etc. por Teodoro Mommsen ; traducción de A. García Moreno ; con un prólogo y comentarios en la parte relativa a España por F. Fernández y González.
260 ## - PUBLICACIÓN, DISTRIBUCIÓN, ETC.
Lugar de publicación, distribución, etc. Madrid :
Nombre del editor, distribuidor, etc. Librería de Francisco Góngora,
Fecha de publicación, distribución, etc. 1876-1877.
300 ## - DESCRIPCIÓN FÍSICA
Extensión 8 v. ;
Dimensiones 21 cm.
490 1# - MENCIÓN DE SERIE
Mención de serie Nueva biblioteca universal. Sección histórica
505 8# - NOTA DE CONTENIDO CON FORMATO
Nota de contenido con formato Contiene: I. Desde la fundación de Roma hasta la caída de los reyes (XVI, 365 p.) - II. Desde la expulsión de los reyes hasta la reunión de los estados itálicos (416 p.) - III. Desde la reunión de Italia hasta la sumisión de Cartago y Grecia (423 p.) - IV. Desde la expulsión de los reyes hasta la reunión de los estados itálicos - V-VI. La revolución (400 ; 304 p.) - VII-VIII. Fundación de la monarquía militar (458 ; 461 p.)
597 ## - NOTA DE DESCRIPCIÓN FÍSICA
NOTA DE DESCRIPCIÓN FÍSICA Antep.
651 #4 - PUNTO DE ACCESO ADICIONAL DE MATERIA--NOMBRE GEOGRÁFICO
Nombre geográfico Roma-
Subdivisión general Historia-
Subdivisión cronológica Hasta 510 a. C.
9 (RLIN) 9317
651 #4 - PUNTO DE ACCESO ADICIONAL DE MATERIA--NOMBRE GEOGRÁFICO
Nombre geográfico Roma-
Subdivisión general Historia-
Subdivisión cronológica 510-30 a. C., República.
9 (RLIN) 9313
700 1# - ENTRADA AGREGADA--NOMBRE PERSONAL
Nombre de persona García Moreno, A.
9 (RLIN) 54997
700 1# - ENTRADA AGREGADA--NOMBRE PERSONAL
Nombre de persona Fernández y González, Francisco,
Fechas asociadas al nombre 1833-1917
9 (RLIN) 49827
830 1# - PUNTO DE ACCESO ADICIONAL DE SERIE-TÍTULO UNIFORME
Título uniforme Nueva biblioteca universal. Sección histórica
9 (RLIN) 188772
852 ## - LOCALIZACIÓN
Ubicación ES-MaACL
Número de control de estantería D-4864-71
Nota libre - Enc. hol.
Holdings
Estatus retirado Estado de pérdida Estado de daño No para préstamo Colección Biblioteca de origen Biblioteca actual Ubicación en estantería Fecha de adquisición Total de préstamos Signatura topográfica completa Código de barras Visto por última vez Precio de reemplazo Tipo de ítem Koha
        Libros del s. XIX Biblioteca del Ateneo de Madrid Biblioteca del Ateneo de Madrid Sala Valle Inclán 17/01/2008   D-4864-71 901167436 23/02/2023 23/02/2023 Libro impreso antiguo